Public Health and Infectious Diseases : (Record no. 617871)

MARC details
000 -LEADER
fixed length control field 00515nam a2200193 a 4500
008 - FIXED-LENGTH DATA ELEMENTS--GENERAL INFORMATION
fixed length control field 260318s2010##################000#0#eng##
020 ## - INTERNATIONAL STANDARD BOOK NUMBER
ISBN 9780123815064
082 04 - DEWEY DECIMAL CLASSIFICATION NUMBER
Classification number 362.1969HAM
100 1# - MAIN ENTRY--AUTHOR NAME
Personal name Hamer, Davidson,
245 10 - TITLE STATEMENT
Title Public Health and Infectious Diseases :
260 ## - PUBLICATION, DISTRIBUTION, ETC. (IMPRINT)
Name of publisher Elsevier Science Limited,
Year of publication 2010.
300 ## - PHYSICAL DESCRIPTION
Number of Pages 487 pages
650 #0 - SUBJECT ADDED ENTRY--TOPICAL TERM
Topical Term Medical.
942 ## - ADDED ENTRY ELEMENTS (KOHA)
Koha item type English Books
Holdings
Withdrawn status Lost status Damaged status Not for loan Home library Current library Shelving location Date acquired Full call number Accession Number Price effective from Koha item type
        Anna Centenary Library Anna Centenary Library 4TH FLOOR, A WING 18.03.2026 362.1969HAM 348664 18.03.2026 English Books

Find us on the map